[Event "Madrid ch - Previa B"]
[Site "Madrid ESP"]
[Date "2008.11.06"]
[Round "1.1"]
[White "Dominguez Carmona, Miguel"]
[Black "Avendaño Mateos, Jose"]
[Result "1/2-1/2"]
[WhiteElo "2051"]
[BlackElo "1894"]
[PlyCount "60"]
[EventDate "2008.11.06"]
[EventType "swiss"]
[EventRounds "9"]
[EventCountry "ESP"]
[Source "lmi"]
[SourceDate "2008.11.06"]

1. d4 d5 2. c4 c6 3. Nf3 Nf6 4. g3 g6 5. Bg2 Bg7 6. O-O O-O 7. Qc2 Bf5 8. Qb3
Qb6 9. Nc3 dxc4 10. Qxc4 Ne4 11. Rd1 Nd6 12. Qc5 Qc7 13. Bf4 Na6 14. Qa3 Qd8
15. Ne5 Nc7 16. Bxc6 bxc6 17. Nxc6 Ncb5 18. Nxb5 Nxb5 19. Nxe7+ Kh8 20. Qb4 Bd7
21. Rac1 Re8 22. Nd5 Be6 23. Qxb5 Qxd5 24. Rc5 Qd7 25. d5 Qxb5 26. Rxb5 Bd7 27.
Rb7 Bh3 28. e3 Bg4 29. Rc1 Bf3 30. Rxf7 Bxd5 1/2-1/2

[Event "Madrid ch - Previa B"]
[Site "Madrid ESP"]
[Date "2008.11.06"]
[Round "1.2"]
[White "Merino Araguas, Jose Javier"]
[Black "Esquivias Gomez, Fco. Javier"]
[Result "1/2-1/2"]
[WhiteElo "1879"]
[BlackElo "2048"]
[PlyCount "33"]
[EventDate "2008.11.06"]
[EventType "swiss"]
[EventRounds "9"]
[EventCountry "ESP"]
[Source "lmi"]
[SourceDate "2008.11.06"]

1. d4 Nf6 2. c4 e6 3. Nc3 Bb4 4. a3 Bxc3+ 5. bxc3 c5 6. e3 b6 7. f3 O-O 8. e4
Nxe4 9. fxe4 Qh4+ 10. Kd2 cxd4 11. Bd3 dxc3+ 12. Kc2 Nc6 13. Be3 Ba6 14. Nf3
Qe7 15. e5 h6 16. Kxc3 Rac8 17. Qa4 1/2-1/2

[Event "Madrid ch - Previa B"]
[Site "Madrid ESP"]
[Date "2008.11.06"]
[Round "1.3"]
[White "Cabañas Bravo, Juan Andres"]
[Black "Leniz Martinez, Francisco"]
[Result "1/2-1/2"]
[WhiteElo "2036"]
[BlackElo "1874"]
[PlyCount "67"]
[EventDate "2008.11.06"]
[EventType "swiss"]
[EventRounds "9"]
[EventCountry "ESP"]
[Source "lmi"]
[SourceDate "2008.11.06"]

1. e4 c5 2. Nf3 e6 3. d4 cxd4 4. Nxd4 a6 5. Nc3 Qc7 6. Qf3 Nc6 7. Nb3 b5 8. Bf4
d6 9. a3 Nf6 10. Be2 Be7 11. Rd1 O-O 12. Qg3 Ne5 13. Bh6 Ng6 14. Be3 Bb7 15.
Nc5 Bc6 16. Bg5 Rfd8 17. Bf3 Ra7 18. Nd3 d5 19. exd5 Nxd5 20. Nxd5 Bxd5 21. Be3
Bd6 22. Qg5 Bxf3 23. gxf3 Raa8 24. c3 Be7 25. Qg3 Qc4 26. Nc1 Rxd1+ 27. Kxd1
Rd8+ 28. Kc2 Qd5 29. Rg1 a5 30. Bb6 Qf5+ 31. Kb3 Qd5+ 32. Kc2 Qf5+ 33. Kb3 Qd5+
34. Kc2 1/2-1/2

[Event "Madrid ch - Previa B"]
[Site "Madrid ESP"]
[Date "2008.11.06"]
[Round "1.5"]
[White "Montañes Arribas, Adrian"]
[Black "Marcos Herrero, Francisco"]
[Result "1-0"]
[WhiteElo "2030"]
[BlackElo "1854"]
[PlyCount "65"]
[EventDate "2008.11.06"]
[EventType "swiss"]
[EventRounds "9"]
[EventCountry "ESP"]
[Source "lmi"]
[SourceDate "2008.11.06"]

1. e4 d6 2. d4 Nf6 3. Nc3 g6 4. Be3 c6 5. Nf3 b5 6. Bd3 Nbd7 7. Qd2 Nb6 8. a4
b4 9. Ne2 a5 10. c3 d5 11. e5 Ne4 12. Qc2 f5 13. h4 Bd7 14. Nfg1 e6 15. f3 Be7
16. g3 Rf8 17. Qc1 Nxg3 18. Nxg3 Bxh4 19. Bf2 Qe7 20. Qh6 Bg5 21. Qxh7 Qxh7 22.
Rxh7 bxc3 23. bxc3 c5 24. dxc5 Nxa4 25. Rxd7 Kxd7 26. Rxa4 Rfb8 27. N1e2 Rb2
28. Nd4 Bd2+ 29. Kd1 Bxc3 30. Bc2 Rh8 31. Be1 Bxe1 32. Kxe1 f4 33. Nge2 1-0

[Event "Madrid ch - Previa B"]
[Site "Madrid ESP"]
[Date "2008.11.06"]
[Round "1.6"]
[White "Mosteiro Montoro, Alvaro"]
[Black "Vazquez Torres, Adrian"]
[Result "0-1"]
[WhiteElo "1832"]
[BlackElo "2023"]
[PlyCount "44"]
[EventDate "2008.11.06"]
[EventType "swiss"]
[EventRounds "9"]
[EventCountry "ESP"]
[Source "lmi"]
[SourceDate "2008.11.06"]

1. d4 d5 2. c4 e6 3. Nf3 Nf6 4. Nc3 Be7 5. e3 Nbd7 6. Bd3 O-O 7. cxd5 exd5 8.
O-O c6 9. Qc2 Re8 10. Bd2 b6 11. Ne5 Bb7 12. a3 Bd6 13. Nf3 c5 14. Nb5 Bb8 15.
Ng5 Ne4 16. Nxe4 dxe4 17. Bxe4 Bxe4 18. Qc3 Qh4 19. g3 Qh3 20. f3 Bxg3 21. hxg3
Qxg3+ 22. Kh1 Re6 0-1

[Event "Madrid ch - Previa B"]
[Site "Madrid ESP"]
[Date "2008.11.06"]
[Round "1.7"]
[White "Nieto De La Cruz, Julio"]
[Black "Adan Bonilla, Carlos"]
[Result "1-0"]
[WhiteElo "2015"]
[BlackElo "1813"]
[PlyCount "43"]
[EventDate "2008.11.06"]
[EventType "swiss"]
[EventRounds "9"]
[EventCountry "ESP"]
[Source "lmi"]
[SourceDate "2008.11.06"]

1. d4 g6 2. e4 Bg7 3. Nc3 c5 4. Be3 Nc6 5. Nf3 d6 6. dxc5 Bxc3+ 7. bxc3 Qa5 8.
cxd6 Qxc3+ 9. Bd2 Qc5 10. dxe7 Ngxe7 11. Bd3 O-O 12. O-O Bg4 13. h3 Be6 14. Be3
Qa3 15. Ng5 Bd7 16. f4 Rad8 17. Qe1 h6 18. Nf3 b6 19. Qh4 Kg7 20. f5 Ng8 21.
Bxh6+ Nxh6 22. f6+ 1-0

[Event "Madrid ch - Previa B"]
[Site "Madrid ESP"]
[Date "2008.11.06"]
[Round "1.8"]
[White "Gonzalez Ayuso, Gonzalo"]
[Black "Garcia Salamero, Gabriel"]
[Result "0-1"]
[WhiteElo "1804"]
[BlackElo "2005"]
[PlyCount "95"]
[EventDate "2008.11.06"]
[EventType "swiss"]
[EventRounds "9"]
[EventCountry "ESP"]
[Source "lmi"]
[SourceDate "2008.11.06"]

1. d4 d5 2. c4 e6 3. Nc3 c6 4. cxd5 exd5 5. Nf3 Nf6 6. Bg5 Bb4 7. Qc2 Nbd7 8.
e3 h6 9. Bh4 Qa5 10. Bd3 O-O 11. O-O Re8 12. a3 Bxc3 13. Qxc3 Qb6 14. Rac1 Ne4
15. Bxe4 Rxe4 16. Bg3 Re6 17. Rfe1 Nf6 18. Nd2 Re7 19. h3 Bf5 20. Be5 Ne4 21.
Nxe4 Bxe4 22. b4 Rae8 23. Qc5 Qa6 24. Qc3 Re6 25. f3 Bg6 26. g4 f6 27. Bg3 h5
28. Qb3 hxg4 29. hxg4 Bd3 30. e4 Bc4 31. Qc3 b5 32. exd5 Bxd5 33. Rxe6 Rxe6 34.
Re1 Qc8 35. Kf2 Kf7 36. Qc5 Rxe1 37. Kxe1 Bxf3 38. Qxa7+ Kg6 39. Qc7 Qxg4 40.
Kf2 Be4 41. Qd6 Qf3+ 42. Ke1 Bd3 43. Qe7 Qxg3+ 44. Kd2 Bc4 45. Qe8+ Kg5 46.
Qxc6 Qd3+ 47. Kc1 Qc3+ 48. Kd1 0-1

[Event "Madrid ch - Previa B"]
[Site "Madrid ESP"]
[Date "2008.11.06"]
[Round "1.9"]
[White "Castejon Caballero, Andres"]
[Black "De Los Rios Camacho, Juan A"]
[Result "0-1"]
[WhiteElo "2003"]
[BlackElo "1792"]
[PlyCount "66"]
[EventDate "2008.11.06"]
[EventType "swiss"]
[EventRounds "9"]
[EventCountry "ESP"]
[Source "lmi"]
[SourceDate "2008.11.06"]

1. e4 c5 2. Nf3 d6 3. d4 cxd4 4. Nxd4 Nf6 5. Nc3 a6 6. Be3 b5 7. a4 b4 8. Nd5
Nxd5 9. exd5 Bb7 10. Bc4 Qc7 11. b3 Nd7 12. Qd2 Rb8 13. a5 Nc5 14. Qxb4 Bxd5
15. Nb5 Rxb5 16. Bxb5+ axb5 17. Qxb5+ Bc6 18. Qc4 e6 19. b4 d5 20. Qe2 Qe5 21.
O-O d4 22. a6 Bd6 23. g3 Qd5 24. f3 dxe3 25. Rfd1 Qe5 26. Rxd6 Qxd6 27. Rd1 Qe5
28. bxc5 Qxc5 29. Rd3 Bb5 30. Qxe3 Qxe3+ 31. Rxe3 Bxa6 32. Ra3 Bb7 33. Rb3 Bc8
0-1

[Event "Madrid ch - Previa B"]
[Site "Madrid ESP"]
[Date "2008.11.06"]
[Round "1.11"]
[White "Prieto Garcia, David"]
[Black "Franco Rincon, David"]
[Result "1/2-1/2"]
[WhiteElo "1954"]
[BlackElo "1752"]
[PlyCount "99"]
[EventDate "2008.11.06"]
[EventType "swiss"]
[EventRounds "9"]
[EventCountry "ESP"]
[Source "lmi"]
[SourceDate "2008.11.06"]

1. e4 e5 2. Nf3 Nc6 3. Bb5 a6 4. Ba4 Nf6 5. d4 exd4 6. O-O Be7 7. Re1 O-O 8. e5
Nd5 9. Bb3 Nb6 10. Nxd4 Na5 11. Nf5 Nxb3 12. Qg4 g6 13. axb3 d6 14. Nxe7+ Qxe7
15. Qg3 Re8 16. f4 Be6 17. Be3 dxe5 18. fxe5 Bf5 19. Bxb6 cxb6 20. Qf2 Qc7 21.
Nc3 Rad8 22. g4 Bxg4 23. Ne4 Rxe5 24. Nf6+ Kg7 25. Rxe5 Qxe5 26. Nxg4 Qg5 27.
Qg3 Qc5+ 28. Qe3 Rd5 29. Qxc5 Rxc5 30. Ne3 f5 31. c3 Rb5 32. Ra3 Re5 33. Kf2 b5
34. Ra1 f4 35. Nc2 Kf6 36. Nd4 h5 37. Rd1 g5 38. Nf3 Re6 39. Rd5 g4 40. Nd4 Re5
41. Rd6+ Kg5 42. Rd7 Kh4 43. Ne2 Kh3 44. Nxf4+ Kxh2 45. Rd2 Rf5 46. Ke3+ Kg3
47. Rg2+ Kh4 48. Rh2+ Kg3 49. Rg2+ Kh4 50. Rh2+ 1/2-1/2

[Event "Madrid ch - Previa B"]
[Site "Madrid ESP"]
[Date "2008.11.06"]
[Round "1.12"]
[White "Sanchez Rodajo, Pedro L"]
[Black "Peñaranda Grilo, Juan Carlos"]
[Result "0-1"]
[WhiteElo "1750"]
[BlackElo "1930"]
[PlyCount "116"]
[EventDate "2008.11.06"]
[EventType "swiss"]
[EventRounds "9"]
[EventCountry "ESP"]
[Source "lmi"]
[SourceDate "2008.11.06"]

1. f4 d5 2. e4 e5 3. d3 Bb4+ 4. c3 Bc5 5. d4 exd4 6. cxd4 Bb4+ 7. Bd2 Bxd2+ 8.
Nxd2 dxe4 9. Nxe4 Qh4+ 10. g3 Qe7 11. Qe2 Nc6 12. O-O-O Nh6 13. Nc3 O-O 14.
Qxe7 Nxe7 15. h3 Nhf5 16. Nge2 Ne3 17. Rd3 Nxf1 18. Rxf1 Bxh3 19. Rh1 Bf5 20.
Re3 Rfe8 21. Re1 Nc6 22. Nd5 Rxe3 23. Nxe3 Bd3 24. Nc3 Nxd4 25. Rd1 Ne2+ 26.
Nxe2 Bxe2 27. Rd7 Rc8 28. Nd5 Kf8 29. Rxc7 Rxc7+ 30. Nxc7 Ke7 31. Nd5+ Kd6 32.
Ne3 g6 33. Kd2 Bb5 34. b3 Kc5 35. Kc3 Bd7 36. b4+ Kd6 37. Kd4 Be6 38. a3 Kc6
39. Kc3 Kb5 40. Nc2 Ka4 41. Kb2 f6 42. Nd4 Bd5 43. Ne2 Kb5 44. Kc3 h5 45. Kd4
Bf3 46. Nc3+ Kc6 47. Ke3 Bh1 48. Kf2 a6 49. Kg1 Bd5 50. Kf2 Kd6 51. Ke3 g5 52.
Ne2 h4 53. fxg5 h3 54. g4 h2 55. Ng3 fxg5 56. Nf5+ Ke5 57. Ng3 h1=Q 58. Nxh1
Bxh1 0-1

[Event "Madrid ch - Previa B"]
[Site "Madrid ESP"]
[Date "2008.11.06"]
[Round "1.13"]
[White "Garcia Garcia, Ruben Ii"]
[Black "Vazquez Moreno, Luis"]
[Result "1/2-1/2"]
[WhiteElo "1920"]
[BlackElo "1743"]
[PlyCount "64"]
[EventDate "2008.11.06"]
[EventType "swiss"]
[EventRounds "9"]
[EventCountry "ESP"]
[Source "lmi"]
[SourceDate "2008.11.06"]

1. e4 c5 2. Nf3 Nc6 3. d4 cxd4 4. Nxd4 g6 5. Nxc6 bxc6 6. Qd4 Nf6 7. e5 Nd5 8.
Bc4 e6 9. Nd2 f5 10. exf6 Qxf6 11. Qxf6 Nxf6 12. Nf3 d5 13. Bd3 Bg7 14. O-O Nd7
15. Re1 e5 16. Nxe5 Nxe5 17. f4 O-O 18. fxe5 Bf5 19. Bd2 a5 20. Rab1 c5 21.
Bxf5 Rxf5 22. e6 a4 23. c3 Re8 24. Re2 Re5 25. Rbe1 R8xe6 26. Rxe5 Rxe5 27.
Rxe5 Bxe5 28. b4 axb3 29. axb3 d4 30. cxd4 Bxd4+ 31. Kf1 Kf7 32. Ke2 Ke6
1/2-1/2

[Event "Madrid ch - Previa B"]
[Site "Madrid ESP"]
[Date "2008.11.06"]
[Round "1.14"]
[White "Morona Minguez, Irene"]
[Black "Sotnikov, Taras"]
[Result "1-0"]
[WhiteElo "1743"]
[BlackElo "1920"]
[PlyCount "121"]
[EventDate "2008.11.06"]
[EventType "swiss"]
[EventRounds "9"]
[EventCountry "ESP"]
[Source "lmi"]
[SourceDate "2008.11.06"]

1. e4 c6 2. d4 g6 3. Nc3 d5 4. Bf4 a6 5. Nge2 Bg7 6. g3 Nf6 7. Bg2 O-O 8. Qd2
Nbd7 9. exd5 Nxd5 10. Nxd5 cxd5 11. Bxd5 e5 12. Be3 Nb6 13. Bb3 Nd5 14. Bg5 Nf6
15. dxe5 Qxd2+ 16. Bxd2 Ne4 17. Bb4 Rd8 18. f4 a5 19. Bc3 b5 20. a4 Nxc3 21.
Nxc3 Bb7 22. Rf1 b4 23. Nb5 Bf8 24. f5 Bd5 25. Nc7 Bxb3 26. Nxa8 Bxc2 27. Nc7
Bxf5 28. Rf2 b3 29. Nb5 Rd5 30. Re2 Bb4+ 31. Kf2 Bg4 32. Re4 Bc5+ 33. Ke1 Bf3
34. Rc4 Rxe5+ 35. Kd2 Bb4+ 36. Kd3 f5 37. Rc8+ Kg7 38. Rc7+ Kh6 39. Rd7 Re2 40.
Nd4 Rd2+ 41. Kc4 Bd1 42. Nxf5+ gxf5 43. Rxd2 Bxd2 44. Rxd1 Bb4 45. Kxb3 Kg5 46.
Rd4 Be1 47. Kc4 h5 48. h4+ Kf6 49. Rd3 Bb4 50. Re3 Bd2 51. Re8 Bb4 52. Kb5 Bd6
53. Rg8 Bb4 54. Rg5 Be1 55. Rxh5 Bxg3 56. Kxa5 f4 57. Rd5 Bxh4 58. Rd1 f3 59.
Kb6 f2 60. Rf1 Ke6 61. Kb7 1-0

[Event "Madrid ch - Previa B"]
[Site "Madrid ESP"]
[Date "2008.11.06"]
[Round "1.15"]
[White "Lozano Sanchez, Jose Antonio"]
[Black "Castro Uceda, Jose Antonio"]
[Result "1-0"]
[WhiteElo "1920"]
[BlackElo "1717"]
[PlyCount "75"]
[EventDate "2008.11.06"]
[EventType "swiss"]
[EventRounds "9"]
[EventCountry "ESP"]
[Source "lmi"]
[SourceDate "2008.11.06"]

1. e4 c5 2. Nf3 d6 3. Bc4 e6 4. Nc3 Nc6 5. O-O Nf6 6. d3 Be7 7. h3 O-O 8. Bf4
d5 9. exd5 exd5 10. Bb5 Qb6 11. Re1 Re8 12. a4 a5 13. Bg5 Be6 14. Qd2 d4 15.
Ne4 Nxe4 16. Rxe4 Bd5 17. Bxc6 Bxg5 18. Qxg5 Bxc6 19. Rg4 g6 20. Ne5 Qxb2 21.
Rf1 Qxc2 22. Rh4 Qe2 23. Ng4 Re6 24. Nf6+ Rxf6 25. Qxf6 Qxd3 26. Re1 Qf5 27.
Qxf5 gxf5 28. Rc1 b6 29. Rh6 Bxa4 30. Rxb6 Rd8 31. Rb2 d3 32. Rd2 Bc2 33. f4 a4
34. Kf2 c4 35. Ke3 a3 36. Rcxc2 dxc2 37. Rxd8+ Kg7 38. Kd2 1-0

[Event "Madrid ch - Previa B"]
[Site "Madrid ESP"]
[Date "2008.11.06"]
[Round "1.16"]
[White "Vicario Ramirez, Celestino"]
[Black "Garcia Ruiz, Ricardo"]
[Result "0-1"]
[WhiteElo "1711"]
[BlackElo "1920"]
[PlyCount "74"]
[EventDate "2008.11.06"]
[EventType "swiss"]
[EventRounds "9"]
[EventCountry "ESP"]
[Source "lmi"]
[SourceDate "2008.11.06"]

1. e4 g6 2. Nf3 Bg7 3. d4 d6 4. h3 Nd7 5. Be3 c5 6. c3 Ngf6 7. Nbd2 O-O 8. Bd3
e5 9. dxe5 dxe5 10. O-O Qc7 11. Qc2 a6 12. a4 b6 13. Rfd1 Bb7 14. c4 Rad8 15.
Bg5 Nb8 16. Re1 Nc6 17. Qb1 Rd7 18. Ra3 Nb4 19. Bf1 h6 20. Bh4 Nh5 21. Nb3 g5
22. Nxg5 hxg5 23. Bxg5 Qd6 24. a5 Qg6 25. Bh4 Nf4 26. Bg3 Rfd8 27. axb6 Nbd3
28. Bxd3 Nxd3 29. Re3 Bxe4 30. Qf1 f5 31. Bh4 f4 32. Rxe4 Qxe4 33. Bxd8 Rxd8
34. Rxa6 Qxc4 35. Ra3 e4 36. Nd2 Qd5 37. b3 Bd4 0-1

[Event "Madrid ch - Previa B"]
[Site "Madrid ESP"]
[Date "2008.11.06"]
[Round "1.19"]
[White "Rojas Pozo, Jose Luis"]
[Black "Ortiz Berruguete, Adrian"]
[Result "1/2-1/2"]
[WhiteElo "1897"]
[BlackElo "1637"]
[PlyCount "95"]
[EventDate "2008.11.06"]
[EventType "swiss"]
[EventRounds "9"]
[EventCountry "ESP"]
[Source "lmi"]
[SourceDate "2008.11.06"]

1. e4 d5 2. exd5 Qxd5 3. Nc3 Qa5 4. d4 Nf6 5. Bc4 c6 6. Bd2 Bf5 7. Nf3 e6 8.
O-O Nbd7 9. h3 Qc7 10. Re1 O-O-O 11. Nh4 Bg6 12. Nxg6 hxg6 13. Qf3 Nb6 14. Bf4
Bd6 15. Bxd6 Qxd6 16. Bb3 Qxd4 17. Rad1 Qc5 18. Ne4 Nxe4 19. Qxe4 Rxd1 20. Rxd1
Nd7 21. Qf4 Nf6 22. c3 Rh5 23. Qd2 Qe7 24. Qe3 Qc5 25. Qd2 Rh8 26. Qf4 g5 27.
Qg3 Qf5 28. Qe3 Kb8 29. Qd4 Qf4 30. Qd6+ Qxd6 31. Rxd6 Kc7 32. Rd3 Nd5 33. Bxd5
cxd5 34. Kf1 Kc6 35. Ke2 Rh4 36. b3 Re4+ 37. Kd2 g4 38. Rg3 f5 39. hxg4 Rxg4
40. Rxg4 fxg4 41. Ke3 e5 42. Kd3 b5 43. b4 Kd6 44. Ke3 Ke6 45. g3 Kf5 46. Kd3
g5 47. Ke3 a6 48. Kd3 1/2-1/2

[Event "Madrid ch - Previa B"]
[Site "Madrid ESP"]
[Date "2008.11.07"]
[Round "2.1"]
[White "Lopez Rodriguez, Eduardo"]
[Black "Roman Bada, Javier"]
[Result "0-1"]
[WhiteElo "1897"]
[BlackElo "2031"]
[PlyCount "104"]
[EventDate "2008.11.06"]
[EventType "swiss"]
[EventRounds "9"]
[EventCountry "ESP"]
[Source "lmi"]
[SourceDate "2008.11.06"]

1. e4 c6 2. d4 d5 3. Nc3 dxe4 4. Nxe4 Bf5 5. Ng3 Bg6 6. h4 h6 7. N1e2 e6 8. Nf4
Bh7 9. Bc4 Nf6 10. Qe2 Nd5 11. Nxd5 cxd5 12. Bd3 Bxd3 13. Qxd3 Nc6 14. c3 Qc7
15. Nh5 O-O-O 16. b4 g6 17. Nf4 e5 18. dxe5 Qxe5+ 19. Kf1 Bxb4 20. Bd2 Ba5 21.
Rb1 Bb6 22. Rb5 Qe4 23. Rxd5 Qxd3+ 24. Rxd3 Ne5 25. Rxd8+ Rxd8 26. Ke2 Bxf2 27.
Rh3 Bb6 28. c4 Nxc4 29. Bb4 Ne5 30. Rc3+ Nc6 31. Nd3 Bc7 32. Bc5 Ba5 33. Rc4
Rxd3 34. Kxd3 Ne5+ 35. Kd4 Nxc4 36. Kxc4 h5 37. Be7 Bd8 38. Bg5 Kd7 39. Kd5
Bxg5 40. hxg5 Ke7 41. Ke5 h4 42. a4 b6 43. Kd5 Kd7 44. Ke5 a6 45. Kf6 Ke8 46.
Ke5 b5 47. a5 Ke7 48. Kd5 f5 49. gxf6+ Kxf6 50. Kc5 g5 51. Kb6 b4 52. Kxa6 b3
0-1

[Event "Madrid ch - Previa B"]
[Site "Madrid ESP"]
[Date "2008.11.07"]
[Round "2.2"]
[White "Garcia Ruiz, Ricardo"]
[Black "Montañes Arribas, Adrian"]
[Result "0-1"]
[WhiteElo "1920"]
[BlackElo "2030"]
[PlyCount "60"]
[EventDate "2008.11.06"]
[EventType "swiss"]
[EventRounds "9"]
[EventCountry "ESP"]
[Source "lmi"]
[SourceDate "2008.11.06"]

1. e4 c5 2. f4 d6 3. Nc3 Nc6 4. Nf3 g6 5. d4 cxd4 6. Nxd4 Bg7 7. Nb3 Nf6 8. h3
O-O 9. Qf3 a5 10. Be3 a4 11. Nd2 a3 12. Nc4 axb2 13. Rd1 Nb4 14. Bb6 Qe8 15. e5
dxe5 16. Nxe5 Nd7 17. Bb5 Bxe5 18. fxe5 Nxc2+ 19. Kf2 Na3 20. Ba4 b1=Q 21. Rxb1
Nxb1 22. Rxb1 Nxe5 23. Qe4 Bf5 24. Qxe5 Rxa4 25. Rd1 Ra8 26. Nd5 f6 27. Nxe7+
Kf7 28. Qd4 Qxe7 29. Bc5 Rxa2+ 30. Kg1 Qe4 0-1

[Event "Madrid ch - Previa B"]
[Site "Madrid ESP"]
[Date "2008.11.07"]
[Round "2.3"]
[White "Vazquez Torres, Adrian"]
[Black "Benito Aragoneses, Miguel Angel"]
[Result "1-0"]
[WhiteElo "2023"]
[BlackElo "1790"]
[PlyCount "75"]
[EventDate "2008.11.06"]
[EventType "swiss"]
[EventRounds "9"]
[EventCountry "ESP"]
[Source "lmi"]
[SourceDate "2008.11.06"]

1. e4 c5 2. Nf3 d6 3. d4 cxd4 4. Nxd4 Nf6 5. Nc3 a6 6. Bc4 e6 7. Bb3 Be7 8. O-O
O-O 9. f4 Nc6 10. Be3 Qc7 11. f5 Nxd4 12. Bxd4 b5 13. Qe1 e5 14. Be3 Bb7 15.
Qg3 b4 16. Nd5 Bxd5 17. exd5 Kh8 18. a3 bxa3 19. Rxa3 a5 20. Rfa1 Ne4 21. Qe1
Nc5 22. Rxa5 Rab8 23. Ra7 Rb7 24. Qa5 Rxa7 25. Qxa7 Qxa7 26. Rxa7 Bf6 27. Bc4
g6 28. b4 Ne4 29. fxg6 hxg6 30. b5 Nc5 31. Bxc5 dxc5 32. d6 e4 33. Rxf7 Bd4+
34. Kf1 Rxf7+ 35. Bxf7 Kg7 36. b6 c4 37. b7 Ba7 38. d7 1-0

[Event "Madrid ch - Previa B"]
[Site "Madrid ESP"]
[Date "2008.11.07"]
[Round "2.4"]
[White "Valderrama Arroyo, Victor"]
[Black "Nieto De La Cruz, Julio"]
[Result "1-0"]
[WhiteElo "1914"]
[BlackElo "2015"]
[PlyCount "41"]
[EventDate "2008.11.06"]
[EventType "swiss"]
[EventRounds "9"]
[EventCountry "ESP"]
[Source "lmi"]
[SourceDate "2008.11.06"]

1. d4 Nf6 2. c4 c5 3. d5 b5 4. cxb5 a6 5. bxa6 g6 6. Nf3 Bxa6 7. Nc3 d6 8. e4
Bxf1 9. Kxf1 Nbd7 10. g3 Bg7 11. Kg2 O-O 12. Qc2 Ra6 13. Nd2 Qa8 14. Nc4 e6 15.
Rd1 exd5 16. Nxd5 Re8 17. Nc7 Qc6 18. Nxe8 Nxe4 19. f3 Ng5 20. Bxg5 Bxb2 21.
Qxb2 1-0

[Event "Madrid ch - Previa B"]
[Site "Madrid ESP"]
[Date "2008.11.07"]
[Round "2.5"]
[White "Garcia Salamero, Gabriel"]
[Black "Morona Minguez, Irene"]
[Result "1-0"]
[WhiteElo "2005"]
[BlackElo "1743"]
[PlyCount "47"]
[EventDate "2008.11.06"]
[EventType "swiss"]
[EventRounds "9"]
[EventCountry "ESP"]
[Source "lmi"]
[SourceDate "2008.11.06"]

1. f4 d5 2. Nf3 c5 3. e3 Nc6 4. Bb5 e6 5. b3 Nf6 6. Bb2 g6 7. Bxc6+ bxc6 8. Ne5
Bb7 9. d3 Bg7 10. Nd2 Qc7 11. Ndf3 Rd8 12. O-O O-O 13. Qe1 Qb6 14. Rb1 Nh5 15.
g4 Nf6 16. c4 Ba6 17. Qh4 Qc7 18. Nxc6 Qxc6 19. Bxf6 Rc8 20. Ne5 Qc7 21. g5
Bxf6 22. gxf6 h5 23. Qg5 Qd8 24. Nxg6 1-0

[Event "Madrid ch - Previa B"]
[Site "Madrid ESP"]
[Date "2008.11.07"]
[Round "2.6"]
[White "Peñaranda Grilo, Juan Carlos"]
[Black "Benito Mellado, Humberto"]
[Result "1-0"]
[WhiteElo "1930"]
[BlackElo "1653"]
[PlyCount "99"]
[EventDate "2008.11.06"]
[EventType "swiss"]
[EventRounds "9"]
[EventCountry "ESP"]
[Source "lmi"]
[SourceDate "2008.11.06"]

1. d4 d5 2. c4 c6 3. e3 Nf6 4. Nf3 Bg4 5. Nbd2 Nbd7 6. h3 Bf5 7. Be2 dxc4 8.
Nxc4 b5 9. Nce5 Nxe5 10. Nxe5 Be4 11. f3 Bd5 12. e4 Nxe4 13. fxe4 Bxe4 14. Bf3
Qd5 15. O-O f6 16. Bxe4 Qxe4 17. Re1 Qd5 18. Nf3 Rd8 19. Qe2 h5 20. Qe4 g5 21.
Qg6+ Qf7 22. Qxf7+ Kxf7 23. Be3 e6 24. Rac1 Rc8 25. Re2 Bd6 26. Rec2 g4 27.
Rxc6 Rcd8 28. Nd2 gxh3 29. Ne4 Bb8 30. gxh3 Rhg8+ 31. Kf2 h4 32. Rg1 Rxg1 33.
Kxg1 Rg8+ 34. Kf2 f5 35. Ng5+ Ke7 36. Rxe6+ Kd7 37. Rf6 Bg3+ 38. Kf3 f4 39.
Bxf4 Ke7 40. Rf5 Rd8 41. Re5+ Kf6 42. Ne4+ Kg6 43. d5 Rc8 44. Nxg3 hxg3 45.
Bxg3 Rc2 46. Re2 Rc5 47. Rd2 Rc8 48. d6 Rd8 49. d7 Kf7 50. Bc7 1-0

[Event "Madrid ch - Previa B"]
[Site "Madrid ESP"]
[Date "2008.11.07"]
[Round "2.7"]
[White "De Los Rios Camacho, Juan A"]
[Black "Lozano Sanchez, Jose Antonio"]
[Result "0-1"]
[WhiteElo "1792"]
[BlackElo "1920"]
[PlyCount "104"]
[EventDate "2008.11.06"]
[EventType "swiss"]
[EventRounds "9"]
[EventCountry "ESP"]
[Source "lmi"]
[SourceDate "2008.11.06"]

1. e4 e5 2. Nf3 Nc6 3. Bb5 Bc5 4. c3 a6 5. Ba4 b5 6. Bc2 d6 7. d4 exd4 8. cxd4
Bb4+ 9. Nc3 Bg4 10. Be3 Nf6 11. a3 Ba5 12. h3 Bh5 13. b4 Bb6 14. g4 Bg6 15. Bg5
h6 16. Bh4 Bh7 17. g5 hxg5 18. Bxg5 Ne7 19. Nh4 Qd7 20. f4 O-O-O 21. f5 Qc6 22.
Qd3 Rhe8 23. O-O-O Nfg8 24. Rhe1 f6 25. Be3 d5 26. Bb3 dxe4 27. Qc2 Nxf5 28.
Nxf5 Bxf5 29. d5 Bxe3+ 30. Rxe3 Qb6 31. Rde1 Ne7 32. h4 Ng6 33. Nxe4 Nxh4 34.
d6 Kb8 35. Qxc7+ Qxc7+ 36. dxc7+ Kxc7 37. Nc5 Rxe3 38. Rxe3 g5 39. Ne6+ Bxe6
40. Bxe6 Re8 41. Rc3+ Kb6 42. Bd7 Rd8 43. Bh3 Rd4 44. Bf1 f5 45. Rc8 f4 46. Re8
Rd6 47. Re5 Nf3 48. Rf5 Rg6 49. Bg2 Nd4 50. Rf8 g4 51. Rb8+ Kc7 52. Ra8 f3 0-1

[Event "Madrid ch - Previa B"]
[Site "Madrid ESP"]
[Date "2008.11.07"]
[Round "2.8"]
[White "Leniz Martinez, Francisco"]
[Black "Dominguez Carmona, Miguel"]
[Result "0-1"]
[WhiteElo "1874"]
[BlackElo "2051"]
[PlyCount "78"]
[EventDate "2008.11.06"]
[EventType "swiss"]
[EventRounds "9"]
[EventCountry "ESP"]
[Source "lmi"]
[SourceDate "2008.11.06"]

1. e4 c5 2. Nf3 e6 3. d4 cxd4 4. Nxd4 a6 5. c4 Nf6 6. Nc3 Bb4 7. Bd3 Qc7 8. O-O
Nc6 9. Nxc6 dxc6 10. a3 Be7 11. f4 e5 12. f5 g6 13. Kh1 gxf5 14. exf5 Rg8 15.
Ne4 Bd7 16. Be3 O-O-O 17. Qc2 c5 18. Nxf6 Bxf6 19. Be4 Bc6 20. Rad1 Rg4 21.
Rxd8+ Bxd8 22. Bf3 Bxf3 23. Rxf3 e4 24. Rf1 Qe5 25. Qc3 Qxc3 26. bxc3 b6 27. g3
Bf6 28. Rc1 Rg8 29. Kg2 Rd8 30. Rc2 Rd3 31. Bd2 h5 32. Kf1 Rf3+ 33. Ke2 Be5 34.
Rc1 h4 35. Be1 hxg3 36. hxg3 Bxg3 37. Bd2 Rf2+ 38. Kd1 Rxd2+ 39. Kxd2 Bf4+ 0-1

[Event "Madrid ch - Previa B"]
[Site "Madrid ESP"]
[Date "2008.11.07"]
[Round "2.9"]
[White "Esquivias Gomez, Fco. Javier"]
[Black "Rojas Pozo, Jose Luis"]
[Result "1/2-1/2"]
[WhiteElo "2048"]
[BlackElo "1897"]
[PlyCount "102"]
[EventDate "2008.11.06"]
[EventType "swiss"]
[EventRounds "9"]
[EventCountry "ESP"]
[Source "lmi"]
[SourceDate "2008.11.06"]

1. e4 c5 2. Nc3 d6 3. f4 Nc6 4. Bb5 Bd7 5. Nf3 e6 6. d3 Qc7 7. O-O Be7 8. a4 a6
9. Bxc6 Bxc6 10. Qe1 Nf6 11. Qg3 Rg8 12. e5 Nd5 13. Ne4 O-O-O 14. Nfg5 Bxg5 15.
Nxd6+ Kb8 16. fxg5 f6 17. c4 Nb4 18. exf6 gxf6 19. Rxf6 Rdf8 20. Rxf8+ Rxf8 21.
Bd2 Nc2 22. Rc1 Nd4 23. Re1 Ka8 24. a5 Qg7 25. Bc3 Qg6 26. Bxd4 cxd4 27. Ne4
Rf5 28. h4 h6 29. Qd6 hxg5 30. Qd8+ Ka7 31. Qxd4+ Ka8 32. Qd8+ Ka7 33. h5 Qg7
34. Rf1 Bxe4 35. dxe4 Rxf1+ 36. Kxf1 Qf7+ 37. Kg1 Qxh5 38. Qb6+ Ka8 39. Qxe6
Qd1+ 40. Kh2 Qh5+ 41. Qh3 Qe2 42. Qh8+ Ka7 43. Qd4+ Ka8 44. e5 g4 45. Qd8+ Ka7
46. Qd6 Qe1 47. Qb6+ Ka8 48. Qd8+ Ka7 49. Qd4+ Ka8 50. Qd8+ Ka7 51. Qb6+ Ka8
1/2-1/2